Cólera morbo asiático en España durante el año 1885 / (Record no. 7131)

MARC details
000 -LEADER
campo de control de longitud fija 00828nam a2200205 i 4500
001 - NÚMERO DE CONTROL
campo de control 7131
003 - IDENTIFICADOR DE NÚMERO DE CONTROL
campo de control ES-MaACL
005 - FECHA Y HORA DE LA ÚLTIMA TRANSACCIÓN
campo de control 20230906145152.0
007 - CAMPO FIJO DE DESCRIPCIÓN FÍSICA--INFORMACIÓN GENERAL
campo de control de longitud fija t|
008 - DATOS DE LONGITUD FIJA--INFORMACIÓN GENERAL
campo de control de longitud fija 930113s1887 sp ||||1| spa d
080 ## - NÚMERO DE LA CLASIFICACIÓN DECIMAL UNIVERSAL
Número de la Clasificación Decimal Universal 616.932(46)"1885"
080 ## - NÚMERO DE LA CLASIFICACIÓN DECIMAL UNIVERSAL
Número de la Clasificación Decimal Universal 31:616.932(46)"1885"
245 00 - MENCIÓN DEL TÍTULO
Título Cólera morbo asiático en España durante el año 1885 /
Mención de responsabilidad, etc. Ministerio de la Gobernación, Dirección General de Beneficencia y Sanidad, Negociado de Estadística.
260 ## - PUBLICACIÓN, DISTRIBUCIÓN, ETC.
Lugar de publicación, distribución, etc. [S.l. :
Nombre del editor, distribuidor, etc. s.n.],
Fecha de publicación, distribución, etc. 1887 (
Lugar de fabricación/manufactura Madrid :
Fabricante Sucesores de Rivadeneyra)
300 ## - DESCRIPCIÓN FÍSICA
Extensión 709 p. ;
Dimensiones 30 cm +
Material acompañante/anejo 2 lám. pleg.
500 ## - NOTA GENERAL
Materiales especificados Es el apéndice general al tomo VI del Boletín de estadística sanitario-demográfica
650 ## - PUNTO DE ACCESO ADICIONAL DE MATERIA--TÉRMINO DE MATERIA
Término de materia o nombre geográfico como elemento de entrada Cólera-
Subdivisión geográfica España.
9 (RLIN) 171643
710 1# - ENTRADA AGREGADA--NOMBRE DE ENTIDAD CORPORATIVA
Nombre de entidad corporativa o nombre de jurisdicción como elemento de entrada España.
Unidad subordinada Dirección General de Beneficencia y Sanidad.
9 (RLIN) 3711
852 ## - LOCALIZACIÓN
Ubicación ES-MaACL
Número de control de estantería G-5970
Holdings
Estatus retirado Estado de pérdida Estado de daño No para préstamo Colección Biblioteca de origen Biblioteca actual Ubicación en estantería Fecha de adquisición Fuente de adquisición Total de préstamos Signatura topográfica completa Código de barras Visto por última vez Precio de reemplazo Tipo de ítem Koha
        Libros del s. XIX Biblioteca del Ateneo de Madrid Biblioteca del Ateneo de Madrid Depósito 2 17/01/2008     G-5970 1007269 23/02/2023 23/02/2023 Libro impreso antiguo